000 00703cab a2200193 4500
001 WB2804-06
008 090401t1992 xxu||||| |||| 00| 0 eng d
035 _a(Sirsi) u12916
041 _aeng
245 _aLegionnaires` disease code of practice
260 _c1992
350 _a0
490 _aHealth and Safety Commission News Release
_v(C1:92) 15 January 1992 (2)
520 _aThe Health and Safety Commission Approved Code of Practice on the prevention and control of legionnaires` disease - and other diseases caused by the legionella bacteria has come into effect.
650 _aLEGIONNAIRES' DISEASE
690 _aBUILT ENVIRONMENT-BUILDING STANDARDS
942 _n0
948 _c04/03/1997
999 _c8294
_d8294